000 00756cab a22001935a 4500
001 L146420
008 090119e20090116xxk f 000 0 eng d
035 _a(Sirsi) u146420
041 0 _aeng
100 1 _aShepherd, Mark
245 0 0 _aValuers under fire
_bpart one
260 _c2009
490 0 _aProperty Week
_v75(3) 16 January 2009, 26-28(3)
520 _aThe first of a three part series (see also L146484, L146625) which examines how valuers reached a state where there are being criticised by investors when they cut values and from banks when they do not. Considers the issues at the heart of valuation controversy.
590 _aKA
651 4 _aEngland and Wales
_y1543-
690 _aPROPERTY-PROPERTY APPRAISAL AND VALUATION
942 _n0
999 _c81146
_d81146